| 000 | 01071nam2a22002651 4500 | ||
|---|---|---|---|
| 001 | v19\rc\1465737 | ||
| 005 | 20250618144906.0 | ||
| 035 | _a(NLR Aleph) 004602617 | ||
| 090 |
_a2806132 _c2806132 |
||
| 100 | _a20060620d1906 |||y0rusy50 ca | ||
| 101 | 0 | _arus | |
| 102 | _aRU | ||
| 105 | _ay z ||||| | ||
| 200 | 0 | _a... за 1904-1905 год | |
| 210 |
_d1906 _aБ. м. |
||
| 215 | _a21 с. | ||
| 461 | 0 |
_1001v19\rc\1465722 _12001#$aГодовой отчет Товарищества Скоморошского сахарного завода ...$v... за 1904-1905 год _92805939 _a"Скоморошки", сахарный завод (Таращан. уезд) _cКиев _d1875-1915 _tГодовой отчет Товарищества Скоморошского сахарного завода ... _v... за 1904-1905 год |
|
| 801 | 0 |
_aRU _bNLR _gpsbo |
|
| 801 | 0 |
_aRU _bRuMoRGB _2psbo |
|
| 801 | 1 |
_aRU _bProSoft-M _2rusmarc |
|
| 852 |
_aNLR _j18.159.2.360(14) |
||
| 899 |
_aRuMoRGB (1892-1915*) _jL 1/119 |
||
| 899 | _aБАН (1882-1905*) | ||
| 942 | _cBOOK | ||
| 980 | _aNB | ||